000
00202nam a22000857a 4500
008
161207b xxu||||| |||| 00| 0 eng d
100
_9
1919
_a
Bianki. V
245
_a
Red Hill
260
_a
Moscow
_b
Progress
_c
1981
999
_c
4684
_d
4684